| 000 | 00839cab a2200217 4500 | ||
|---|---|---|---|
| 001 | E84593 | ||
| 008 | 090401t1997 xxu||||| |||| 00| 0 eng d | ||
| 035 | _a(Sirsi) u78991 | ||
| 041 | _aeng | ||
| 100 | _aTurnbull, C. | ||
| 245 | _aHealth and safety at work: the Health and Safety (Consultation with Employees) Regulations 1996. | ||
| 260 | _c1997 | ||
| 350 | _a0 | ||
| 490 |
_aJournal of the Law Society of Scotland _v42(2) February 1997, 62-63(2) |
||
| 520 | _aLooks at the latest regulations on employee involvement in health and safety and draws attention to a practical guide issued by the Health and Safety Executive. | ||
| 650 | _aHEALTH AND SAFETY (CONSULTATION WITH EMPLOYEES) REGULATIONS 1996 | ||
| 650 |
_aHEALTH AND SAFETY _96244 |
||
| 690 | _aOFFICE SERVICES AND ADMINISTRATION | ||
| 942 | _n0 | ||
| 948 | _c17/06/1997 | ||
| 999 |
_c49638 _d49638 |
||